Go to main content
000005659 001__ 5659
000005659 005__ 20260410115412.0
000005659 0247_ $$2DOI$$a10.6083/M46D5RHJ
000005659 037__ $$aDA
000005659 245__ $$aEdward W. Thompson, Ph.D., James J. Huntziker, Ph.D.
000005659 260__ $$c1999 January
000005659 269__ $$a1999-01
000005659 336__ $$aStill image
000005659 520__ $$aBlack and white photograph of Edward W. Thompson, Ph.D., President of the Oregon Graduate Institute of Science & Technology with James J. Huntziker, Ph.D. on the right, and an unidentified individual.
000005659 540__ $$fCC BY-NC
000005659 542__ $$fIn Copyright
000005659 600__ $$aThompson, Edward W.$$010840
000005659 600__ $$aHuntzicker, James J.$$010439
000005659 610__ $$aOregon Graduate Institute of Science and Technology$$010843
000005659 650__ $$aResearch$$025336
000005659 650__ $$aAcademic Medical Centers$$011038
000005659 650__ $$aTechnology$$026795
000005659 651__ $$aOregon$$041094
000005659 7102_ $$aOregon Graduate Institute of Science and Technology$$010843
000005659 8564_ $$98356d9b0-d049-4dbd-804c-bfc72b19cf11$$s1062299$$uhttps://digitalcollections.ohsu.edu/record/5659/files/f9a70e2771f92492d20840df1f29e78a.jpg$$ePublic$$2cb02854c796014d12e1c44b022ae2f30$$31
000005659 905__ $$a/rest/prod/t4/35/gd/39/t435gd396
000005659 956__ $$aGet Accessible Copy$$uhttps://ohsu.libwizard.com/f/requestaccessibledocument_HCA
000005659 980__ $$aHistorical Image Collection